[Event "Kaluga Tsiolkovsky Memorial op"]
[Site "Kaluga"]
[Date "2016.08.14"]
[Round "8"]
[White "Melnikov, Anton"]
[Black "Taichikov, Anton"]
[Result "1-0"]
[WhiteElo "1918"]
[BlackElo "1316"]
[PlyCount "59"]
[EventDate "2016.08.06"]
[EventType "swiss"]
[EventRounds "9"]
[EventCountry "RUS"]
[SourceTitle "CBM 174 Extra"]
[Source "ChessBase"]
[SourceDate "2016.10.10"]
[SourceVersion "1"]
[SourceVersionDate "2016.10.10"]
[SourceQuality "1"]

1. e4 e5 2. Nf3 Nc6 3. Nc3 Nf6 4. d4 exd4 5. Nd5 h6 6. Nxd4 Nxd4 7. Qxd4 d6 8. Nxf6+ Qxf6 9. Qxf6 gxf6 10. Bc4 Be6 11. Bb3 a6 12. 0-0 b5 13. Bd5 Bxd5 14. exd5 Be7 15. Re1 Kf8 16. Bf4 f5 17. Re2 Bf6 18. c3 Kg7 19. Rae1 Rac8 20. f3 Rcd8 21. Kf2 Bh4+ 22. Bg3 Bf6 23. Bf4 Bh4+ 24. g3 Bf6 25. h4 Kh7 26. Be3 Rc8 27. Bd4 Bxd4+ 28. cxd4 Kg7 29. Rc2 Kf6 30. Rec1 1-0

[Event "Kaluga Tsiolkovsky Memorial op"]
[Site "Kaluga"]
[Date "2016.08.09"]
[Round "4"]
[White "Tereschenko, Valerij"]
[Black "Taichikov, Anton"]
[Result "1-0"]
[WhiteElo "1958"]
[BlackElo "1316"]
[PlyCount "57"]
[EventDate "2016.08.06"]
[EventType "swiss"]
[EventRounds "9"]
[EventCountry "RUS"]
[SourceTitle "CBM 174 Extra"]
[Source "ChessBase"]
[SourceDate "2016.10.10"]
[SourceVersion "1"]
[SourceVersionDate "2016.10.10"]
[SourceQuality "1"]

1. d4 d5 2. Nf3 Nc6 3. e3 e6 4. Bd3 Bd6 5. 0-0 Nf6 6. b3 Bd7 7. Bb2 a6 8. a3 h6 9. Nbd2 0-0 10. Ne5 Qe7 11. f4 Rfe8 12. Qf3 Na7 13. g4 Nh7 14. Qh3 f6 15. Ng6 Qf7 16. Nf3 c6 17. Nfe5 Bxe5 18. dxe5 b5 19. exf6 Nxf6 20. Ne5 Qe7 21. Bg6 Rf8 22. g5 Ne4 23. gxh6 Nd2 24. Nxd7 gxh6 25. Qxh6 Nf3+ 26. Rxf3 Rf6 27. Nxf6+ Qxf6 28. Bxf6 Rc8 29. Qh8# 1-0